Gemeinden im Landkreis Sigmaringen - Statistiken

Allgemein
  • Dieses Quiz wurde 71 mal gespielt
  • Das Durchschnittsergebnis liegt bei 12 aus 25
Antwortstatistiken
% Korrekt
Sigmaringen
97%
Mengen
76%
Pfullendorf
73%
Sigmaringendorf
73%
Bad Saulgau
70%
Meßkirch
62%
Ostrach
57%
Krauchenwies
54%
Scheer
54%
Gammertingen
51%
Herbertingen
51%
Wald
49%
Hettingen
46%
Stetten
46%
Bingen
43%
Beuron
41%
Inzigkofen
38%
Sauldorf
38%
Veringenstadt
38%
Hohentengen
35%
Herdwangen-Schönach
32%
Neufra
32%
Schwenningen
32%
Ilmensee
30%
Leibertingen
24%
Keine übereinstimmenden Quizze gefunden
Verteilung der Resultate
Anzahl Personen mit jedem Resultat
Perzentil nach korrekt beantworteten Fragen
Ihre Resultats-Entwicklung
Sie haben dieses Quiz noch nicht gespielt